Tourism and Hospitality Information Website (Record no. 293002)
[ view plain ]
| 000 -LEADER | |
|---|---|
| fixed length control field | 00366nam a2200097Ia 4500 |
| 008 - FIXED-LENGTH DATA ELEMENTS--GENERAL INFORMATION | |
| fixed length control field | 160329s9999 xx 000 0 und d |
| 245 ## - TITLE STATEMENT | |
| Title | Tourism and Hospitality Information Website |
| 500 ## - GENERAL NOTE | |
| General note | Provides information about the Tourism & Hospitality Industry and Tourism & Hospitality Education. |
| 650 ## - SUBJECT ADDED ENTRY--TOPICAL TERM | |
| Topical term or geographic name as entry element | Tourism. |
| 856 ## - ELECTRONIC LOCATION AND ACCESS | |
| Uniform Resource Identifier | <a href="http://touritalityinfsite.yolasite.com/">http://touritalityinfsite.yolasite.com/</a> |
| Withdrawn status | Lost status | Damaged status | Home library | Current library | Date acquired | Total Checkouts | Date last seen | Price effective from | Koha item type |
|---|---|---|---|---|---|---|---|---|---|
| College Library | College Library | 03/29/2016 | 03/29/2016 | 03/29/2016 | Easy Reading |